书目信息 |
| 题名: |
中国城市水效管理
|
|
| 作者: | ;中国发展研究基金会 著 | |
| 分册: | ||
| 出版信息: | 北京 中国发展出版社 2016.04 |
|
| 页数: | 276页 | |
| 开本: | 24cm | |
| 丛书名: | ||
| 单 册: | ||
| 中图分类: | TU991.31 | |
| 科图分类: | ||
| 主题词: | 城市用水--水资源管理--研究--中国 | |
| 电子资源: | ||
| ISBN: | 978-7-5177-0466-9 | |
| 000 | 01083nam0 2200229 450 | |
| 001 | 470 | |
| 005 | 20180922140028.03 | |
| 010 | @a978-7-5177-0466-9@dCNY50.00 | |
| 100 | @a20160517d2016 em y0chiy50 ea | |
| 101 | 0 | @achi |
| 102 | @aCN@b110000 | |
| 105 | @aa z 000yy | |
| 200 | 1 | @a中国城市水效管理@9zhong guo cheng shi shui xiao guan li@b专著@e地方实践与启示@dUrban in China water efficiency management@elocal practice and enlightenment@zeng@f中国发展研究基金会[著] |
| 210 | @a北京@c中国发展出版社@d2016.04 | |
| 215 | @a276页@c图@d24cm | |
| 330 | @a本书是中国发展研究基金会编写的一本关于中国城市水效管理的学术专著,详细阐述了北京、济南、西安、广州、合肥等典型城市提高城市水效的实践探索,提出了运用价格机制、城市污水资源化、污水处理回用等提高城市水效的可行办法。 | |
| 510 | 1 | @aUrban in China water efficiency management@elocal practice and enlightenment@zeng |
| 606 | 0 | @a城市用水@x水资源管理@x研究@y中国 |
| 690 | @aTU991.31@v5 | |
| 711 | 02 | @a中国发展研究基金会@9zhong guo fa zhan yan jiu ji jin hui@4著 |
| 801 | 0 | @aCN@b91MARC@c20160613 |
| 905 | @aMuseLib@dTU991.31@e1431 | |
| 中国城市水效管理:地方实践与启示=Urban in China water efficiency management:local practice and enlightenment/中国发展研究基金会[著].-北京:中国发展出版社,2016.04 |
| 276页:图;24cm |
| ISBN 978-7-5177-0466-9:CNY50.00 |
| 本书是中国发展研究基金会编写的一本关于中国城市水效管理的学术专著,详细阐述了北京、济南、西安、广州、合肥等典型城市提高城市水效的实践探索,提出了运用价格机制、城市污水资源化、污水处理回用等提高城市水效的可行办法。 |
| ● |
| 相关链接 |
|
|
|
|
正题名:中国城市水效管理
索取号:TU991.31/1431
 
预约/预借
| 序号 | 登录号 | 条形码 | 馆藏地/架位号 | 状态 | 备注 |
| 1 | 1120039 | 211200396 | 第二样本阅览室/ [索取号:TU991.31/1431] | 在馆 | |
| 2 | 1120040 | 211200403 | 第三借阅区/ [索取号:TU991.31/1431] | 在馆 | |
| 3 | 1120041 | 211200412 | 第三借阅区/ [索取号:TU991.31/1431] | 在馆 | |
| 4 | 1120042 | 211200421 | 第三借阅区/ [索取号:TU991.31/1431] | 在馆 | |
| 5 | 1120043 | 211200430 | 密集书库-资源管理系/ [索取号:TU991.31/1431] | 在馆 |